| Tag |
First Indicator |
Second Indicator |
Subfields |
| LEADER |
00000pam a2200000 a 4500 |
| 001 |
in00000075865 |
| 005 |
20151008054904.0 |
| 008 |
801124s1981 nyua b 00110 engm |
| 010 |
|
|
|a 80039556
|
| 020 |
|
|
|a 0231038801 :
|c $65.00 (est.)
|
| 035 |
|
|
|a (OCoLC)07179273
|
| 035 |
|
|
|9 AAJ1968AM
|
| 040 |
|
|
|a DLC
|c DLC
|d m.c.
|d TXA
|d UtOrBLW
|
| 049 |
|
|
|a TXAF
|c [800790]
|
| 050 |
0 |
0 |
|a QK495.A1
|b C76
|
| 082 |
0 |
|
|a 582.13/012
|2 19
|
| 100 |
1 |
|
|a Cronquist, Arthur.
|
| 245 |
1 |
3 |
|a An integrated system of classification of flowering plants /
|c Arthur Cronquist.
|
| 264 |
|
1 |
|a New York :
|b Columbia University Press,
|c 1981.
|
| 300 |
|
|
|a xviii, 1262 pages :
|b illustrations ;
|c 24 cm.
|
| 336 |
|
|
|a text
|b txt
|2 rdacontent
|
| 337 |
|
|
|a unmediated
|b n
|2 rdamedia
|
| 338 |
|
|
|a volume
|b nc
|2 rdacarrier
|
| 504 |
|
|
|a Includes bibliographies and index.
|
| 650 |
|
0 |
|a Angiosperms
|v Classification.
|
| 999 |
|
|
|a MARS
|
| 999 |
f |
f |
|s 58bfa6df-7acf-3b02-bd7f-60def2544d0f
|i d891292c-0529-3ebf-939d-50b788011f2b
|t 0
|
| 952 |
f |
f |
|p ric
|a Texas A&M University
|b Rellis Campus
|c Joint Library Facility
|d Remote Storage
|t 0
|e QK495.A1 C76
|h Library of Congress classification
|i unmediated -- volume
|m A14806063532
|
| 998 |
f |
f |
|a QK495.A1 C76
|t 0
|l Remote Storage
|